00380nam a2200145 a 45000010005000000030009000050080041000140400028000550820014000831000021000972450032001182600053001503000010002036500021002135393CO-ViMGA141112s2004 ck r 000 u spa d aCO-ViMGAbspacCO-ViMGA04a813.2 P631 aPoe, Edgar Allan10aNarraciones extraordinarias aSantafé de Bogotá : bPanAméricana, c1997 a312 p14aCUENTOS INGLESES